BSOP header

讀箴言‧學領導 : (Record no. 39306)

MARC details
000 -LEADER
fixed length control field 00458nam a22001577a 4500
008 - FIXED-LENGTH DATA ELEMENTS--GENERAL INFORMATION
fixed length control field 150704s2008 hk ||||| |||| 00| 0 chi d
020 ## - INTERNATIONAL STANDARD BOOK NUMBER
International Standard Book Number 978962208733
050 ## - LIBRARY OF CONGRESS CALL NUMBER
Classification number BS1465.6.L4
100 1# - MAIN ENTRY--PERSONAL NAME
Personal name Peterson, Eugene H
245 10 - TITLE STATEMENT
Title 讀箴言‧學領導 :
Remainder of title 猶太領導智慧 =The message of leadership /
Statement of responsibility, etc 畢德生 ,薩瑟恩著 ;龔嘉慧譯 .
250 ## - EDITION STATEMENT
Edition statement 初版 .
260 1# - PUBLICATION, DISTRIBUTION, ETC. (IMPRINT)
Place of publication, distribution, etc 2008
300 ## - PHYSICAL DESCRIPTION
Extent 168 p.
490 1# - SERIES STATEMENT
Series statement 信仰在職系列
942 ## - ADDED ENTRY ELEMENTS (KOHA)
Source of classification or shelving scheme Library of Congress Classification
Item type Books
Holdings
Withdrawn status Lost status Source of classification or shelving scheme Damaged status Not for loan Home library Current library Shelving location Date acquired Accession number Total Checkouts Full call number Barcode Date last seen Price effective from Koha item type
    Library of Congress Classification     BSOP Library BSOP Library Chinese Books (General Circulation) 07/04/2015 C-14545   CH BS1465.6.L4 P44 00046949 07/04/2015 07/04/2015 Books
BSOP

Biblical Seminary of the Philippines
  All rights Reserved
  © 2024

CONTACT INFORMATION

Biblical Seminary of the Philippines,
  77-B Karuhatan Road, Valenzuela City,
  PHILIPPINES 1441
  Phone: +632 8292-6795 / 8292-6798
  Fax : +632 8292-6675
  Email: library@bsop.edu.ph